| 000 | 00568nam a22001697a 4500 | ||
|---|---|---|---|
| 003 | NUST | ||
| 038 | _aNusrat Nadeem | ||
| 082 | _a200 | ||
| 100 |
_aAMIR, AQSA _9120246 |
||
| 245 |
_aREINTERPRETING THE CONCEPT OF WOMEN SECURITY IN THE LIGHT OF HONOR KILLINGS IN PAKISTAN/ _cAQSA AMIR, |
||
| 264 |
_aIslamabad, _c2023. _bS3H NUST; |
||
| 300 |
_aill: _b174,p: _c30,cm. |
||
| 650 |
_aMS-Government and Public Policy _9125323 |
||
| 700 |
_aSUPERVISOR: DR. SYED RIFAAT HUSSAIN _9120172 |
||
| 856 | _uhttp://10.250.8.41:8080/xmlui/handle/123456789/39109 | ||
| 942 |
_2ddc _cSC |
||
| 999 |
_c607628 _d607628 |
||